000 00638nam a2200205Ii 4500
003 JO-AjNU
008 230606s9999||||xx |||||||||||||| ||und||
020 _a0-15-175278-1
040 _aJO-AjNU
_beng
_erda
_cJO-AjNU
041 _aeng
050 1 4 _aPN45.R575 2006
100 3 _aRoberts,Edgar v/Jacobs,Henry E,
_eauthor
_92268
245 0 0 _aLiterature: An Introduction to reading and writing
264 3 1 _aNew Jersy:pearson,2006
300 _a2157p
336 _atext
_btxt
_2rdacontent
337 _aunmediated
_bn
_2rdamedia
338 _avolume
_bnc
_2rdacarrier
650 4 _aLiterature - Exposition(Rhetoric) -colleg readers
_92269
999 _aE1187
_c1187
_d1187